Real writing, argumentation, reflection, information with stylistic options : the sentence and the paragraph /

Bibliographic Details
Main Author: Beale, Walter H.
Other Authors: Meyers, Karen, 1946-, White, Laurie L., 1948-
Format: Book
Language:English
Published: Glenview, Ill. : Scott, Foresman, [1982]
Subjects:

MARC

Tag First Indicator Second Indicator Subfields
LEADER 00000pam a2200000 a 4500
001 in00000084294
005 20151008061319.0
008 810902s1982 ilua 00110 eng
010 |a  81014474  
020 |a 0673155854 :  |c $13.95 
035 |a (OCoLC)07796998 
035 |9 AAJ7793AM 
039 0 |a 2  |b 3  |c 3  |d 3  |e 3 
040 |a DLC  |c DLC  |d TXA  |d UtOrBLW 
049 |a [Curr Col] TXAM  |c [933387] 
050 0 0 |a PE1408  |b .B466 1982 
082 0 |a 808/.042  |2 19 
100 1 |a Beale, Walter H. 
245 1 0 |a Real writing, argumentation, reflection, information with stylistic options :  |b the sentence and the paragraph /  |c Walter H. Beale, Karen Meyers, Laurie L. White. 
264 1 |a Glenview, Ill. :  |b Scott, Foresman,  |c [1982] 
264 4 |c ©1982 
300 |a 458 pages :  |b illustrations ;  |c 24 cm. 
336 |a text  |b txt  |2 rdacontent 
337 |a unmediated  |b n  |2 rdamedia 
338 |a volume  |b nc  |2 rdacarrier 
500 |a Includes index. 
650 0 |a English language  |x Rhetoric. 
650 0 |a English language  |x Sentences. 
650 0 |a English language  |x Paragraphs. 
700 1 |a Meyers, Karen,  |d 1946- 
700 1 |a White, Laurie L.,  |d 1948- 
999 |a MARS 
999 f f |s 265d18fc-5844-3711-939b-7bf9eddbee57  |i f647e3db-39a3-35a4-92f6-063968ad0d33  |t 0 
952 f f |p ric  |a Texas A&M University  |b Rellis Campus  |c Joint Library Facility  |d Remote Storage  |t 0  |e PE1408 .B466 1982  |h Library of Congress classification  |i unmediated -- volume  |m A14806054745 
998 f f |a PE1408 .B466 1982  |t 0  |l Remote Storage